000 01005nam a2200229 a 4500
003 0
005 20250325131414.0
008 060801s19uu xx 00 eng d
050 _aPGS TD 930.P49
_b.C828 2006
100 _aCortes, Clarus Elijah Benjamin C.
245 _aUse of water hyacinth (Eichhornia crassipes) plant for phytoremediation of phosphate and nitrate contaminated industrial wastewater /
_cClarus Elijah Benjamin C. Cortes.
260 _aLas PiƱas City, Philippines :
_bSouthville International School and Colleges,
_c2006.
300 _a45 pages :
_bcolored illustrations ;
_c28 cm.
504 _aIncludes bibliographical references.
650 _aPhytoremediation.
650 _aWater hyacinth (Eichhornia crassipes)
_vEnvironmental aspects.
650 _aWastewater treatment
_vBiological treatment.
650 _aIndustrial wastewater
_vPurification.
650 _aEutrophication
_vPrevention.
650 _aNutrient removal (Water purification).
942 _2lcc
_cPASS
999 _c97469
_d97469